000
00207 a2200097 4500
020
_a
7467634946419
041
_a
spa
100
_a
Equipo editorial thema
245
_a
Atlas geografico estudiantil
942
_c
BK
999
_c
9803
_d
9803